000 02296cam a2200541Ii 4500
001 sjds1444216
003 sjds
005 20171025155757.0
008 931202s1994 azua j 000 1 eng
010 _a 93045711
020 _a0873585801 (pbk.)
020 _a9780873585804 (pbk.)
035 _a1063105
035 _a(OCoLC)29521054
_z(OCoLC)731416910
_z(OCoLC)732782664
035 _a(OCoLC)29521054
035 _a1443701
040 _aDLC
_beng
_cDLC
_dSLC
_dMCCPP
_dBAKER
_dBTCTA
_dYDXCP
_dJBO
_dKYL
_dCO3
_dOCLCO
_dTXBXL
_dTXP
_dOCLCF
_dCCY
_dOCLCQ
_dOCLCO
_dOCLCQ
_dIFA
041 0 _aeng
_aspa
049 _aIFAA
099 _f1994
999 _c19050
_d19050
999 _bESPANOL PICTURE BOOKS BUCHANAN 1994
100 1 _aBuchanan, Ken,
_eauthor.
245 1 0 _aEsta casa está hecha de lodo =
_bThis house is made of mud /
_cwritten by / escrito por Ken Buchanan ; illustrated by / ilustrado por Libba Tracy ; translated by / traducido por Patricia Hinton Davison.
246 3 0 _aThis house is made of mud
260 _aFlagstaff, AZ :
_bNorthland Publishing,
_cc1994.
264 1 _aFlagstaff, AZ :
_bNorthland Publishing,
_c[1994]
300 _a1 volume (unpaged) :
_bcolor illustrations ;
_c21 x 23 cm
336 _atext
_btxt
_2rdacontent
337 _aunmediated
_bn
_2rdamedia
338 _avolume
_bnc
_2rdacarrier
490 1 _aReading rainbow book
520 _aA family builds an adobe house in the Southwest desert.
520 _aUna familia contruen una casa de adobe en el desierto del suroeste.
546 _aParallel text in Spanish and English.
650 0 _aSpanish language materials
_xBilingual
_vJuvenile fiction.
650 7 _aMateriales bilingües en español
_vNovela juvenil.
_2bidex
650 0 _aDwellings
_vJuvenile fiction.
650 7 _aViviendas
_vNovela juvenil.
_2bidex
651 0 _aSonoran Desert
_vJuvenile literature.
651 7 _aDesierto de Sonora
_vNovela juvenil.
_2local
700 1 _aDavison, Patricia Hinton.
700 1 _aTracy, Libba,
_eillustrator.
740 0 _aEsta casa está hecha de lodo.
830 0 _aReading rainbow book.
856 4 2 _3Publisher description
_uhttp://catdir.loc.gov/catdir/enhancements/fy1315/93045711-d.html
856 4 2 _3Publisher description
_uhttp://catdir.loc.gov/catdir/enhancements/fy1315/93045711-d.html
942 _cBK